| 000 | 00392nam a22001457a 4500 | ||
|---|---|---|---|
| 005 | 20240325013806.0 | ||
| 008 | 240325b |||||||| |||| 00| 0 eng d | ||
| 082 |
_222 _a324.9. _bBRE. |
||
| 245 |
_aBreaking the Barriers : _bClaiming women's space in politics in south Asia / |
||
| 260 |
_a Kathmandu : _bSaape / _c2009. |
||
| 300 | _a79 p., | ||
| 650 | _aWomen | ||
| 650 | _aPolitical | ||
| 942 | _cL | ||
| 999 |
_c606 _d606 |
||